|
|
|
|
| LEADER |
00000nam2a2200000 4500 |
| 001 |
191470 |
| 005 |
20231031180721.0 |
| 035 |
|
|
|a (RuTPU)RU\TPU\book\208771
|
| 090 |
|
|
|a 191470
|
| 100 |
|
|
|a 20110204d1979 m y0rusy50 ca
|
| 101 |
0 |
|
|a rus
|
| 102 |
|
|
|a RU
|
| 105 |
|
|
|a a j 001zy
|
| 200 |
0 |
|
|a Ч. 5: Оптимизация стационарных систем при случайных воздействиях
|
| 210 |
|
|
|d 1979
|
| 215 |
|
|
|a 49 с.
|c ил.
|
| 320 |
|
|
|a Библиогр.: с. 48.
|
| 461 |
|
1 |
|0 (RuTPU)RU\TPU\book\66222
|t Теория автоматического управления
|o конспект лекций
|f В. В. Солодовников, В. Ф. Бирюков, В. Г. Коньков
|v Ч. 5: Оптимизация стационарных систем при случайных воздействиях
|d 1976-1979
|
| 610 |
1 |
|
|a ТАУ
|
| 610 |
1 |
|
|a автоматическое управление
|
| 610 |
1 |
|
|a случайные воздействия
|
| 610 |
1 |
|
|a стационарные системы
|
| 610 |
1 |
|
|a оптимизация
|
| 610 |
1 |
|
|a лекции
|
| 610 |
1 |
|
|a учебные пособия
|
| 675 |
|
|
|a 681.51.01(075.8)
|v 3
|
| 801 |
|
1 |
|a RU
|b 63413507
|c 20110204
|
| 801 |
|
2 |
|a RU
|b 63413507
|c 20140414
|g RCR
|
| 942 |
|
|
|c BK
|